00489nam a2200145Ia 4500008004100000041000800041082001400049100001500063245003100078260003300109300003200142365001100174999001500185952014300200240624s9999 xx 000 0 und d aeng a658.3 PRA aPRASAD BVS aHR METRICS AN INTRODUCTION c2007aHyderabadbICFAI press aviii, , 271 , 25 : p. : cm. cRSb20 c7324d7324 00104070aIMTNbIMTNcRack 23-Bd2007-11-15eICFAIg450.00l1m2n1o658.3 PRAp7324r2024-12-11 00:00:00s2024-11-05t1w2024-06-24yBK